00367nam a2200157Ia 4500008004100000040001900041041001200060082002000072245002700092260001000119300001800129650001200147651001700159700001500176850001800191131103s9999 xx 000 0 und d aLoreto College aEnglish a842/MOLbLCLIB/ 4aThe marchant gentleman c[19?] a88p. c 18cm. aMoliere aFrench drama aWood, Joh  aLCLIB/842/MOL